Подробности
| 000 -МАРКЕР |
| контрольное поле |
03837nam0a2200385 4500 |
| 001 - ИДЕНТИФИКАТОР ЗАПИСИ |
| контрольное поле |
RU\NLR\BIBL_A\012929473 |
| 005 - ИДЕНТИФИКАТОР ВЕРСИИ |
| контрольное поле |
20221116133230.0 |
| 010 ## - МЕЖДУНАРОДНЫЙ СТАНДАРТНЫЙ НОМЕР КНИГИ (ISBN) |
| Номер (ISBN) |
978-5-4358-0232-0 |
| Тираж |
200 |
| 021 ## - НОМЕР ГОСУДАРСТВЕННОЙ РЕГИСТРАЦИИ |
| Код страны |
Российская Федерация |
| Номер |
КН-П-22-062726 |
| Номер Листа государственной регистраци |
КН-П-22-5434 |
| 035 ## - ДРУГИЕ СИСТЕМНЫЕ НОМЕРА |
| Идентификатор записи |
(NLR Aleph) 012929473 |
| 035 ## - ДРУГИЕ СИСТЕМНЫЕ НОМЕРА |
| Идентификатор записи |
(RuMoRGB)011210820 |
| 100 ## - ДАННЫЕ ОБЩЕЙ ОБРАБОТКИ |
| Данные общей обработки |
20221102d2022 k y0rusy50 ca |
| 101 0# - ЯЗЫК РЕСУРСА |
| Язык текста, звукозаписи и т.д. |
русский |
| 102 ## - СТРАНА ПУБЛИКАЦИИ ИЛИ ПРОИЗВОДСТВА |
| Страна публикации |
Российская Федерация |
| 105 ## - ПОЛЕ КОДИРОВАННЫХ ДАННЫХ: ТЕКСТОВЫЕ МАТЕРИАЛЫ, МОНОГРАФИЧЕСКИЕ |
| Кодированные данные о монографическом текстовом документе |
a|||z||||||z| |
| 181 #1 - ПОЛЕ КОДИРОВАННЫХ ДАННЫХ: ВИД СОДЕРЖАНИЯ |
| Код вида содержания (ISBD) |
i3 |
| Код характеристики содержания (ISBD) |
axxe |
| 182 #1 - ПОЛЕ КОДИРОВАННЫХ ДАННЫХ: ТИП СРЕДСТВА |
| Код типа средства (ISBD) |
n - непосредственное |
| 200 1# - ЗАГЛАВИЕ И СВЕДЕНИЯ ОБ ОТВЕТСТВЕННОСТИ |
| Основное заглавие |
Реконфигурируемые вычислительные системы на основе ПЛИС |
| Сведения, относящиеся к заглавию |
монография |
| Первые сведения об ответственности |
И. А. Каляев, И. И. Левин |
| Последующие сведения об ответственности |
Федеральный исследовательский центр Южный научный центр Российской академии наук |
| 203 ## - ВИД СОДЕРЖАНИЯ И ТИП СРЕДСТВА |
| Вид содержания |
Текст |
| Дополнительные сведения об издании |
визуальный |
| Тип средства |
непосредственный |
| 210 ## - ПУБЛИКАЦИЯ, РАСПРОСТРАНЕНИЕ И ДР. |
| Место издания, распространения и т.д. |
Ростов-на-Дону |
| Имя издателя, распространителя и т. д. |
Изд-во ЮНЦ РАН |
| Дата издания, распространения и т.д. |
2022 |
| 215 ## - ФИЗИЧЕСКАЯ ХАРАКТЕРИСТИКА |
| Специфическое обозначение материала и объем |
474 с. |
| Другие сведения о физической характеристике |
ил. |
| Размеры |
26 . |
| 300 ## - ОБЩИЕ ПРИМЕЧАНИЯ |
| Текст примечания |
На 4-й с. обл. авт.: акад., д-р техн. наук, проф. И. А. Каляев, д-р техн. наук, проф. И. И. Левин |
| 300 ## - ОБЩИЕ ПРИМЕЧАНИЯ |
| Текст примечания |
На тит. с.: Южный научный центр Российской академии наук, 2002-2022: 20 лет |
| 320 ## - ПРИМЕЧАНИЯ О НАЛИЧИИ В ДОКУМЕНТЕ БИБЛИОГРАФИИ / УКАЗАТЕЛЯ |
| Текст примечания |
Библиогр.: с. 460-474 (254 назв.) |
| 330 ## - РЕЗЮМЕ ИЛИ РЕФЕРАТ |
| Текст примечания |
Книга посвящена перспективному направлению развития суперкомпьютерных технологий - реконфигурируемым вычислительным системам. Основная идея данного подхода заключается в предоставлении пользователю возможности настройки (конфигурации) архитектуры суперкомпьютера под структуру решаемой им задачи. При этом в качестве вычислительного устройства суперкомпьютера используются не стандартные микропроцессоры, а множество соединенных между собой программируемых логических интегральных схем (ПЛИС) высокой степени интеграции, образующих единое вычислительное поле, в рамках которого пользователь может создавать проблемно-ориентированные вычислительные структуры, адекватные графу-алгоритму решаемой задачи. Данный подход обеспечивает возможность достижения высокой реальной производительности вычислительной системы, близкой к пиковой, а также ее линейный рост при наращивании аппаратного ресурса вычислительного поля ПЛИС за счет адаптации архитектуры вычислителя к структуре решаемой прикладной задачи |
| 606 1# - НАИМЕНОВАНИЕ ТЕМЫ КАК ПРЕДМЕТ |
| Наименование темы |
Вычислительные системы перестраиваемые |
| Системный номер авторитетной/нормативной записи |
2153301 |
| Идентификатор авторитетной/нормативной записи |
RU\NLR\AUTH\661601297 |
| 606 1# - НАИМЕНОВАНИЕ ТЕМЫ КАК ПРЕДМЕТ |
| Наименование темы |
Суперкомпьютеры |
| Системный номер авторитетной/нормативной записи |
1322657 |
| Идентификатор авторитетной/нормативной записи |
RU\NLR\AUTH\66233933 |
| 686 1# - ИНДЕКСЫ ДРУГИХ КЛАССИФИКАЦИЙ |
| Индекс |
З973.202 |
| 700 #1 - ИМЯ ЛИЦА - ПЕРВИЧНАЯ ОТВЕТСТВЕННОСТЬ |
| Начальный элемент ввода |
Каляев |
| Часть имени, кроме начального элемента ввода |
И. А. |
| Расширение инициалов личного имени |
Игорь Анатольевич |
| 701 #1 - ИМЯ ЛИЦА - АЛЬТЕРНАТИВНАЯ ОТВЕТСТВЕННОСТЬ |
| Графика поля |
Кириллица |
| Материалы, к которым относится поле |
rus |
| Начальный элемент ввода |
Левин |
| Часть имени, кроме начального элемента ввода |
И. И. |
| Дополнения к именам, кроме дат |
д-р техн. наук |
| Даты |
1962- |
| Расширение инициалов личного имени |
Илья Израилевич |
| Системный номер авторитетной/нормативной записи |
248845 |
| Идентификатор авторитетной/нормативной записи |
RU\NLR\AUTH\770248901 |
| 942 ## - ДОПОЛНИТЕЛЬНЫЕ ЭЛЕМЕНТЫ ЗАПИСИ (АБИС) |
| Тип экземпляра АБИС |
Книга |
| 980 ## - КОЛЛЕКЦИЯ |
| Название коллекции |
Национальная библиография |